00234nam a2200097Ia 4500100001600000654002000016245004400036260003100080082001300111546001200124 aCambel/A.B  aFluid Mechanics aPlasma Physics & Magnet Fluid Mechanics bMcGraw HillaNewyorkc1963 a629bCAM aENGLISH